000 00840 a2200205 4500
020 _a038797167X
020 _a9780387971674
090 _c1508
_d1508
100 1 _aZeidler, E.
245 1 0 _aNonlinear functional analysis and its applications :
_bpart 2 B :
_bnonlinear monotone operators /
_cE. Zeidler, E. Zeidler, Leo F. Boron.
250 _a1990th ed.
260 _a[S.l.] :
_bSpringer,
_c1989.
300 _a1217 p. ;
_c24 cm.
490 1 _aZeidler, eberhard//nonlinear functional analysis and its applications) (pt. 2b.
700 1 _aZeidler, E.
700 1 _aBoron, Leo F.
830 0 _aZeidler, eberhard//nonlinear functional analysis and its applications) (pt. 2b.
942 _aSNS
_cBK
_k515.7 ZEI
999 _c30119
_d30119